| 000 | 00703cab a2200217 4500 | ||
|---|---|---|---|
| 001 | ABS44629 | ||
| 008 | 090401t1991 xxu||||| |||| 00| 0 eng d | ||
| 035 | _a(Sirsi) u48104 | ||
| 041 | _aeng | ||
| 100 | _aVan den Bos, J. | ||
| 245 | _aBig Blue looks for partners | ||
| 260 | _c1991 | ||
| 350 | _a0 | ||
| 490 |
_aEuroProperty _vMay 1991, 22-24(3) |
||
| 520 | _aDescribes how IBM , possibly the largest corporate office user in the world, is aiming to meet its space requirements in the 1990s and how it is using joint ventures to fulfil these needs. | ||
| 650 | _aFLOORSPACE REQUIREMENTS | ||
| 650 | _aOFFICES | ||
| 690 | _aPROPERTY-COMMERCIAL PROPERTY | ||
| 942 | _n0 | ||
| 948 | _c04/03/1997 | ||
| 999 |
_c30228 _d30228 |
||